Dokonalá vražda /

Hlavní autor: Čech, Jan
Další autoři: Soukup, Jiří, 1949-
Jazyk: Čeština
Vydáno: Plzeň : Nava, 1994
Edice: Kriminální příběhy
Témata:
Fyzický popis: 142 s. : il.
Knihy
Uloženo v:
LEADER 01191nam a2200349 a 4500
001 000002534
003 CZ BrMZK
005 20240917115633.0
007 ta
008 010907s1994 xr a g 000 j cze d
015 |a cnb000083634 
020 |a 80-85254-34-4 
035 |a (OCoLC)39577582 
040 |a BOA001  |b cze 
072 7 |a 821.162.3-3  |x Česká próza  |2 Konspekt  |9 25 
080 |a 821.162.3-32  |2 MRF 
080 |a (0:82-322.4)  |2 MRF 
100 1 |a Čech, Jan  |7 jn19981002527 
245 1 0 |a Dokonalá vražda /  |c Jan Čech, Jiří Soukup 
260 |a Plzeň :  |b Nava,  |c 1994 
300 |a 142 s. :  |b il. 
490 1 |a Kriminální příběhy 
655 7 |a české příběhy  |7 fd133973  |2 czenas 
655 7 |a detektivní příběhy  |7 fd132009  |2 czenas 
655 9 |a Czech stories  |2 eczenas 
655 9 |a detective stories  |2 eczenas 
700 1 |a Soukup, Jiří,  |d 1949-  |7 jn20020219006 
830 0 |a Kriminální příběhy 
910 |a BOA001  |b D-1000.611 
990 |a BK 
996 6 |b 2610010528  |c D-1000.611  |l MZK  |r Sklad / do 24 hodin  |n 0  |p p.v.  |w 000002534  |u 000010  |a 1  |e BOA001  |j MZK50  |s P 
996 6 |b 2610017069  |c D-1000.611  |l MZK  |r Sklad / do 24 hodin  |n 0  |p p.v.  |w 000002534  |u 000020  |a 1  |e BOA001  |j MZK50  |s P